Three Band Flags - Sudden Death - Statistics

General Stats
  • This quiz has been taken 73 times
    63 since last reset
  • The average score is 12 of 20
Answers on the Grid
Answers color-coded by a green-red scale on the quiz's grid according to % correct below.
Algeria
Andorra
Austria
Bhutan
Cameroon
Chile
Costa Rica
Ecuador
France
Gabon
Grenada
Haiti
Iraq
Italy
Ivory Coast
Kiribati
Liechtenstein
Mauritius
Mexico
Mongolia
Morocco
Nicaragua
Nigeria
Pakistan
Peru
Romania
Rwanda
Sierra Leone
Singapore
South Korea
Spain
Turkmenistan
Uruguay
Vanuatu
Venezuela
Yemen
 
Answer Stats
Answer % Correct
France
86%
Italy
83%
Austria
81%
Ivory Coast
76%
Mexico
74%
Nigeria
74%
Romania
74%
Andorra
71%
Peru
62%
Ecuador
60%
Venezuela
60%
Spain
57%
Yemen
57%
Cameroon
55%
Sierra Leone
52%
Iraq
50%
Gabon
43%
Nicaragua
43%
Mongolia
40%
Rwanda
29%
No matching quizzes found
Score Distribution
Percent of People with Each Score
Percentile by Number Answered
Your Score History
You have not taken this quiz since the last reset